[Event "POL-ch U18"]
[Site "Jastrzebia Gora"]
[Date "2023.??.??"]
[Round "7"]
[White "Kacprzak, Karol"]
[Black "Kacprzak, Kacper"]
[Result "1/2-1/2"]
[WhiteElo "2221"]
[BlackElo "2248"]
[PlyCount "56"]
[EventDate "2023.03.11"]
[EventType "swiss"]
[EventRounds "9"]
[EventCountry "POL"]
[SourceTitle "CBM 213 Extra"]
[Source "ChessBase"]
[SourceDate "2023.05.31"]
[SourceVersion "1"]
[SourceVersionDate "2023.05.31"]
[SourceQuality "1"]

1. d4 Nf6 2. c4 e6 3. Nf3 Bb4+ 4. Bd2 Qe7 5. g3 Nc6 6. Bg2 Bxd2+ 7. Nbxd2 d6 8. 0-0 0-0 9. e4 e5 10. d5 Nb8 11. Ne1 a5 12. Nd3 Na6 13. a3 c6 14. b4 cxd5 15. cxd5 axb4 16. axb4 Bg4 17. f3 Bd7 18. Qb3 Nc7 19. Nc4 Nb5 20. Qb2 Rfc8 21. Rxa8 Rxa8 22. Ra1 Qd8 23. Rxa8 Qxa8 24. Bf1 Qa7+ 25. Qf2 Qa1 26. Qb2 Qa7+ 27. Qf2 Qa1 28. Qb2 Qa7+ 1/2-1/2

[Event "Baltic Pearl op 16th"]
[Site "Lazy"]
[Date "2020.06.30"]
[Round "3"]
[White "Kacprzak, Karol"]
[Black "Luch, Michal"]
[Result "1/2-1/2"]
[WhiteElo "1988"]
[BlackElo "2409"]
[PlyCount "232"]
[EventDate "2020.06.28"]
[EventType "swiss"]
[EventRounds "9"]
[EventCountry "POL"]
[SourceTitle "CBM 197 Extra"]
[Source "ChessBase"]
[SourceDate "2020.09.30"]
[SourceVersion "1"]
[SourceVersionDate "2020.09.30"]
[SourceQuality "1"]

1. d4 Nf6 2. Nf3 c5 3. e3 g6 4. Bd3 Bg7 5. 0-0 d5 6. b3 Nc6 7. Bb2 0-0 8. a3 e5 9. Nxe5 Nxe5 10. dxe5 Ng4 11. Be2 Nxe5 12. b4 b6 13. f4 Nc6 14. Bxg7 Kxg7 15. Bf3 Qf6 16. Nd2 Ba6 17. c4 Bxc4 18. Nxc4 dxc4 19. Qd5 Ne7 20. Qxc4 Rac8 21. Bg4 Rc6 22. e4 cxb4 23. Qxb4 a5 24. Qa4 Qc3 25. Qd1 h5 26. Be2 Qe3+ 27. Kh1 Rfc8 28. Ba6 R8c7 29. f5 f6 30. fxg6 Nxg6 31. Bb5 Rc5 32. Qd6 Qc3 33. a4 h4 34. Rae1 h3 35. gxh3 Rg5 36. e5 fxe5 37. Qf6+ Kh6 38. h4 Rg4 39. h5 Qh3 40. Bc6 e4 41. Bxe4 Rc2 42. Rf2 Rxf2 43. Qxf2 Qxh5 44. Qxb6 Rxe4 45. Rxe4 Qf3+ 46. Kg1 Qxe4 47. Qxa5 Nf4 48. Qd2 Kh5 49. Qd1+ Kh4 50. Qd8+ Kg4 51. Qd1+ Kf5 52. Qd7+ Kg5 53. Qd8+ Kh5 54. Qd1+ Kg6 55. Qd6+ Kg7 56. Qd7+ Kf6 57. Qd8+ Kf5 58. Qf8+ Kg4 59. Qc8+ Kf3 60. Qc3+ Nd3 61. Qf6+ Nf4 62. Qc3+ Nd3 63. Qf6+ Ke2 64. Qf1+ Ke3 65. Qg2 Qd4 66. h3 Qa1+ 67. Kh2 Ne1 68. Qg5+ Kf2 69. Qd2+ Kf1 70. Qf4+ Ke2 71. Qe4+ Kf2 72. Qh4+ Ke3 73. Qg5+ Ke2 74. Qg4+ Nf3+ 75. Kg3 Qe1+ 76. Kf4 Qd2+ 77. Kg3 Qe1+ 78. Kf4 Qd2+ 79. Kg3 Qd6+ 80. Qf4 Ne5 81. Qf2+ Kd3 82. Qf1+ Ke4 83. Qe2+ Kd4 84. Qb2+ Kd3 85. Qb3+ Ke4 86. Qb7+ Ke3 87. Qa7+ Kd3 88. Qf2 Qg6+ 89. Kh2 Qe4 90. Qf1+ Kd4 91. Qf2+ Kc4 92. Kg3 Qg6+ 93. Kh2 Qe4 94. Kg3 Ng6 95. Qf3 Qh4+ 96. Kh2 Nf4 97. Qc6+ Kb4 98. Qb5+ Kc3 99. Qc5+ Kd3 100. Qa3+ Ke4 101. Qg3 Qd8 102. Qe1+ Kf5 103. Qb1+ Kg5 104. Qg1+ Kh6 105. Qe3 Qg5 106. Qb6+ Kh5 107. Qf2 Qf5 108. Qf3+ Kh6 109. Kg3 Nh5+ 110. Kf2 Qc2+ 111. Qe2 Qxa4 112. Qe6+ Kh7 113. Qf5+ Kh6 114. Qe6+ Kg5 115. Qg4+ Qxg4 116. hxg4 Kxg4 1/2-1/2

[Event "POL-ch U16"]
[Site "Szklarska Poreba"]
[Date "2020.03.12"]
[Round "6"]
[White "Redzisz, Michal"]
[Black "Kacprzak, Karol"]
[Result "0-1"]
[WhiteElo "2105"]
[BlackElo "1954"]
[PlyCount "68"]
[EventDate "2020.03.07"]
[EventType "swiss"]
[EventRounds "8"]
[EventCountry "POL"]
[SourceTitle "CBM 195 Extra"]
[Source "ChessBase"]
[SourceDate "2020.05.31"]
[SourceVersion "1"]
[SourceVersionDate "2020.05.31"]
[SourceQuality "1"]

1. d4 Nf6 2. c4 c5 3. d5 b5 4. cxb5 a6 5. e3 g6 6. Nc3 d6 7. Nf3 Bg7 8. a4 0-0 9. e4 axb5 10. Bxb5 Ba6 11. Bd2 Nbd7 12. 0-0 Ne8 13. Qe2 Nc7 14. Rfb1 Qb8 15. Bxa6 Rxa6 16. Nb5 Nxb5 17. axb5 Rxa1 18. Rxa1 Bxb2 19. Rb1 Bf6 20. b6 Qb7 21. Qb5 Rc8 22. Be3 Rb8 23. Qa5 Ra8 24. Qd2 Ra6 25. h4 Rxb6 26. Rxb6 Qxb6 27. Qa2 Kg7 28. h5 h6 29. hxg6 fxg6 30. Qd2 Qb1+ 31. Kh2 g5 32. Bxg5 hxg5 33. Nxg5 Nf8 34. Qf4 Be5 0-1

[Event "POL-chT3 Kujawsko Pomorskie 1617"]
[Site "Poland"]
[Date "2017.??.??"]
[Round "4.16"]
[White "Kacprzak, Karol"]
[Black "Stasiak, Tomasz"]
[Result "1/2-1/2"]
[WhiteElo "1538"]
[BlackElo "1637"]
[PlyCount "77"]
[EventDate "2016.11.06"]
[EventType "team-tourn"]
[EventRounds "9"]
[EventCountry "POL"]
[SourceTitle "EXT 2018"]
[Source "ChessBase"]
[SourceDate "2017.10.13"]
[SourceVersion "1"]
[SourceVersionDate "2017.10.13"]
[SourceQuality "1"]

1. e4 c5 2. Nf3 Nc6 3. d4 cxd4 4. Nxd4 g6 5. c4 Bg7 6. Be3 d6 7. Nc3 Nf6 8. Be2 0-0 9. 0-0 a6 10. f3 Qb6 11. Nf5 Qxb2 12. Na4 Qa3 13. Bc1 Qb4 14. Bd2 Qa3 15. Nxg7 Kxg7 16. Bc1 Qb4 17. Be3 Nd7 18. Bd2 Qa3 19. Rb1 Kg8 20. Bc1 Qxa2 21. Bb2 Nc5 22. Nxc5 dxc5 23. Bc3 Nd4 24. Bd3 Rb8 25. Rb6 Bd7 26. Qe1 Be6 27. Qe3 Bxc4 28. Ra1 Nc2 29. Bxc2 Qxc2 30. Rc1 Qd3 31. Qxc5 Rfc8 32. Rxb7 h5 33. Rxb8 Rxb8 34. Qd4 Qxd4+ 35. Bxd4 Bb5 36. Rc7 e6 37. Ra7 Kf8 38. Bc5+ Kg8 39. Bd4 1/2-1/2

[Event "Suwalki op"]
[Site "Suwalki"]
[Date "2015.06.30"]
[Round "2"]
[White "Waszczuk, Patrycja"]
[Black "Kacprzak, Karol"]
[Result "1-0"]
[WhiteElo "1627"]
[BlackElo "1722"]
[PlyCount "31"]
[EventDate "2015.06.29"]
[EventType "swiss"]
[EventRounds "9"]
[EventCountry "POL"]
[SourceTitle "EXT 2017"]
[Source "ChessBase"]
[SourceDate "2016.10.25"]
[SourceVersion "1"]
[SourceVersionDate "2016.10.25"]
[SourceQuality "1"]

1. e4 c5 2. Nf3 d6 3. d4 cxd4 4. Nxd4 Nf6 5. Nc3 a6 6. Bg5 e6 7. f4 Be7 8. Qf3 0-0 9. 0-0-0 Qc7 10. g4 h6 11. h4 b5 12. Bxf6 Bxf6 13. g5 hxg5 14. hxg5 Bxd4 15. Qh3 Be3+ 16. Kb1 1-0

[Event "Warsaw YMCA Winter 149th"]
[Site "Warsaw"]
[Date "2015.02.25"]
[Round "8"]
[White "Wrabel, Antoni"]
[Black "Kacprzak, Karol"]
[Result "1-0"]
[WhiteElo "1705"]
[BlackElo "1778"]
[PlyCount "87"]
[EventDate "2015.01.07"]
[EventType "tourn"]
[EventRounds "13"]
[EventCountry "POL"]
[SourceTitle "EXT 2019"]
[Source "ChessBase"]
[SourceDate "2018.10.10"]
[SourceVersion "1"]
[SourceVersionDate "2018.10.10"]
[SourceQuality "1"]

1. e4 c6 2. d4 d5 3. exd5 cxd5 4. Bd3 Nf6 5. c3 Nc6 6. Bf4 Bg4 7. Qb3 Qc8 8. Nd2 e6 9. Ngf3 Bxf3 10. Nxf3 Be7 11. 0-0 0-0 12. Rac1 Rd8 13. Rfe1 a6 14. a4 Na5 15. Qa2 Qd7 16. Ne5 Qe8 17. b3 b5 18. axb5 axb5 19. Qb1 g6 20. g4 b4 21. Re3 bxc3 22. Rxc3 Rdc8 23. Bc2 Bb4 24. Rxc8 Rxc8 25. Bg5 Nd7 26. Nf3 Rc6 27. Bd3 Qc8 28. Bf1 Rc3 29. Kg2 Rxe3 30. Bxe3 Nf6 31. g5 Ne4 32. Bd3 Nd6 33. Qa2 Nf5 34. Bxf5 gxf5 35. Ne5 Nb7 36. Qa4 Bd6 37. Nd7 f4 38. Bd2 f3+ 39. Kxf3 Bxh2 40. Nf6+ Kg7 41. Qa2 Bd6 42. Qb1 Kf8 43. Qxh7 Qc6 44. g6 1-0

[Event "Warsaw YMCA Winter-C 136th"]
[Site "Warsaw"]
[Date "2014.03.11"]
[Round "10"]
[White "Kacprzak, Karol"]
[Black "Krzyzanowski, Antoni"]
[Result "1/2-1/2"]
[WhiteElo "1779"]
[BlackElo "1731"]
[PlyCount "94"]
[EventDate "2014.01.06"]
[EventType "tourn"]
[EventRounds "13"]
[EventCountry "POL"]
[SourceTitle "EXT 2015"]
[Source "ChessBase"]
[SourceDate "2014.11.20"]
[SourceVersion "1"]
[SourceVersionDate "2014.11.20"]
[SourceQuality "1"]

1. c4 e6 2. Nc3 f5 3. g3 Nf6 4. Bg2 Be7 5. Nf3 0-0 6. 0-0 d6 7. d3 Nc6 8. a3 a5 9. Rb1 d5 10. cxd5 exd5 11. Qb3 Kh8 12. Bg5 d4 13. Nb5 h6 14. Bf4 Ne8 15. Qc4 Bf6 16. Qc5 Be7 17. Qc1 Bf6 18. h4 Kh7 19. a4 Be6 20. Bh3 Rg8 21. e4 g5 22. hxg5 hxg5 23. exf5 Bd5 24. Nxg5+ Bxg5 25. Bxg5 Qxg5 26. Qc5 Rd8 27. Nxd4 Nxd4 28. Qxd4 Bg2 29. Qxd8 Qxd8 30. Bxg2 Nd6 31. Rbc1 Nxf5 32. Be4 Rg5 33. Rc5 Qf8 34. Rxf5 Rxf5 35. g4 Kh6 36. Bxf5 Qb4 37. f4 Qxb2 38. Rf2 Qa1+ 39. Kg2 Qxa4 40. g5+ Kg7 41. Be4 b5 42. f5 Qd1 43. f6+ Kf8 44. g6 Qg4+ 45. Kf1 Qd1+ 46. Kg2 Qg4+ 47. Kf1 Qd1+ 1/2-1/2

[Event "Warsaw YMCA Winter-C 136th"]
[Site "Warsaw"]
[Date "2014.02.18"]
[Round "7"]
[White "Kacprzak, Karol"]
[Black "Chylewski, Patryk"]
[Result "1/2-1/2"]
[WhiteElo "1779"]
[BlackElo "1749"]
[PlyCount "126"]
[EventDate "2014.01.06"]
[EventType "tourn"]
[EventRounds "13"]
[EventCountry "POL"]
[SourceTitle "EXT 2015"]
[Source "ChessBase"]
[SourceDate "2014.11.20"]
[SourceVersion "1"]
[SourceVersionDate "2014.11.20"]
[SourceQuality "1"]

1. c4 e5 2. Nc3 Nf6 3. g3 d5 4. cxd5 Nxd5 5. Bg2 Nb6 6. Nf3 Nc6 7. 0-0 Be7 8. d3 0-0 9. Be3 Be6 10. Ne4 Nd5 11. Bc5 f5 12. Bxe7 Qxe7 13. Neg5 Kh8 14. Nxe6 Qxe6 15. Ng5 Qd7 16. Qb3 h6 17. Qxd5 Qxd5 18. Bxd5 hxg5 19. Bxc6 bxc6 20. Rac1 Rab8 21. b3 Rb6 22. Rc5 Re8 23. Rfc1 Re6 24. Ra5 a6 25. Rcc5 Rb5 26. Raxb5 cxb5 27. Rxc7 Kh7 28. Kg2 Kg6 29. a4 bxa4 30. bxa4 Kh7 31. a5 Rd6 32. Rc5 Re6 33. Kf3 g4+ 34. Ke3 Kg8 35. f3 gxf3 36. exf3 g6 37. d4 exd4+ 38. Kxd4 Re2 39. Rc6 Kg7 40. Rxa6 Rxh2 41. Ke5 Ra2 42. Ra7+ Kh6 43. Kf6 Ra3 44. Rg7 Rxf3 45. Rxg6+ Kh7 46. Rg5 f4 47. gxf4 Rxf4+ 48. Ke6 Kh6 49. Rd5 Kg6 50. Kd6 Kf6 51. Kc6 Ke6 52. Rd2 Rc4+ 53. Kb5 Rc1 54. a6 Rb1+ 55. Kc6 Rc1+ 56. Kb7 Rb1+ 57. Ka7 Ke7 58. Rd5 Rb2 59. Ka8 Rb1 60. Rh5 Kd7 61. Rh7+ Kc8 62. Rb7 Rc1 63. Rb5 Kc7 1/2-1/2

[Event "Warsaw YMCA Winter-C 136th"]
[Site "Warsaw"]
[Date "2014.02.12"]
[Round "5"]
[White "Kacprzak, Karol"]
[Black "Tegi, Robert"]
[Result "1-0"]
[WhiteElo "1779"]
[BlackElo "1733"]
[PlyCount "85"]
[EventDate "2014.01.06"]
[EventType "tourn"]
[EventRounds "13"]
[EventCountry "POL"]
[SourceTitle "EXT 2015"]
[Source "ChessBase"]
[SourceDate "2014.11.20"]
[SourceVersion "1"]
[SourceVersionDate "2014.11.20"]
[SourceQuality "1"]

1. c4 c6 2. Nc3 d5 3. cxd5 cxd5 4. d4 e5 5. dxe5 d4 6. Ne4 Qa5+ 7. Nd2 Nc6 8. Ngf3 Bg4 9. Qb3 Bb4 10. g3 Bxf3 11. Qxf3 Qxe5 12. Bg2 Nf6 13. 0-0 0-0 14. a3 Bc5 15. Nb3 Bb6 16. Bf4 Qe6 17. Rac1 Nd7 18. Nd2 Rac8 19. Ne4 Nce5 20. Qh5 Qg6 21. Qh3 f5 22. Ng5 Rxc1 23. Rxc1 h6 24. Bd5+ Kh8 25. Be6 Nc5 26. Ba2 Nc6 27. Rxc5 Bxc5 28. Ne6 Re8 29. Nxc5 Rxe2 30. Nd3 Qf6 31. Kf1 Re7 32. Qh5 Kh7 33. h4 b6 34. Qf3 g5 35. Qd5 Rg7 36. hxg5 hxg5 37. Be5 Nxe5 38. Nxe5 d3 39. Nxd3 f4 40. Qe4+ Kh6 41. Ne5 Re7 42. Ng4+ Kg7 43. Nxf6 1-0

[Event "Warsaw YMCA Winter-C 136th"]
[Site "Warsaw"]
[Date "2014.02.03"]
[Round "4"]
[White "Pajak, Jakub Lech"]
[Black "Kacprzak, Karol"]
[Result "0-1"]
[WhiteElo "1718"]
[BlackElo "1779"]
[PlyCount "68"]
[EventDate "2014.01.06"]
[EventType "tourn"]
[EventRounds "13"]
[EventCountry "POL"]
[SourceTitle "EXT 2015"]
[Source "ChessBase"]
[SourceDate "2014.11.20"]
[SourceVersion "1"]
[SourceVersionDate "2014.11.20"]
[SourceQuality "1"]

1. e4 c6 2. c4 d5 3. exd5 cxd5 4. d4 Nf6 5. Nc3 e6 6. Bd3 dxc4 7. Bxc4 Be7 8. Nf3 0-0 9. 0-0 Nc6 10. a3 Qa5 11. Bd2 Qf5 12. h3 Rd8 13. Be3 h6 14. b4 a6 15. Rc1 Bd7 16. Bd3 Qh5 17. Ne2 Nd5 18. Bd2 f6 19. Qc2 Be8 20. Ng3 Qf7 21. Be3 g5 22. Ne4 f5 23. Nc5 Bf6 24. Rfe1 Nxe3 25. Rxe3 Nxd4 26. Nxd4 Bxd4 27. Rxe6 Bxc5 28. Bxf5 Rd5 29. Rg6+ Kf8 30. Rxh6 Qxf5 31. Qxf5+ Rxf5 32. bxc5 Kg7 33. Rd6 Bc6 34. Re1 Raf8 0-1

[Event "Warsaw YMCA Autumn-C 129th"]
[Site "Warsaw"]
[Date "2013.10.23"]
[Round "6"]
[White "Kacprzak, Karol"]
[Black "Pajak, Jakub Lech"]
[Result "1/2-1/2"]
[WhiteElo "1785"]
[BlackElo "1722"]
[PlyCount "32"]
[EventDate "2013.09.16"]
[EventType "tourn"]
[EventRounds "13"]
[EventCountry "POL"]
[SourceTitle "EXT 2015"]
[Source "ChessBase"]
[SourceDate "2014.11.20"]
[SourceVersion "1"]
[SourceVersionDate "2014.11.20"]
[SourceQuality "1"]

1. c4 e5 2. Nc3 Nc6 3. Nf3 f5 4. e4 d6 5. d4 exd4 6. Nxd4 Nxd4 7. Qxd4 Nf6 8. Bd3 fxe4 9. Nxe4 Be7 10. 0-0 0-0 11. Nxf6+ Bxf6 12. Qe4 g6 13. Bh6 Rf7 14. g4 Bg5 15. Bxg5 Qxg5 16. h3 c6 1/2-1/2

[Event "Warsaw Najdorf Memorial op-B 11th"]
[Site "Warsaw"]
[Date "2013.08.11"]
[Round "7"]
[White "Kacprzak, Karol"]
[Black "Grzenkowicz, Lukasz"]
[Result "1-0"]
[WhiteElo "1780"]
[BlackElo "1603"]
[PlyCount "83"]
[EventDate "2013.08.05"]
[EventType "swiss"]
[EventRounds "9"]
[EventCountry "POL"]
[SourceTitle "CBM 155 Extra"]
[Source "ChessBase"]
[SourceDate "2013.08.26"]
[SourceVersion "1"]
[SourceVersionDate "2013.08.26"]
[SourceQuality "1"]

1. c4 c5 2. Nf3 Nc6 3. Nc3 Nf6 4. g3 g6 5. Bg2 Bg7 6. 0-0 0-0 7. Rb1 d6 8. a3 a5 9. d3 Ne8 10. Bd2 Bd7 11. Nb5 Na7 12. Nxa7 Rxa7 13. Bc3 Bc6 14. Bxg7 Kxg7 15. b4 axb4 16. axb4 cxb4 17. Rxb4 Qa5 18. Qb1 Nc7 19. Nd4 Bxg2 20. Kxg2 e5 21. Nb5 Nxb5 22. Rxb5 Qc7 23. Qb4 Rfa8 24. Rb6 Qc5 25. Qxc5 dxc5 26. Rfb1 Ra2 27. Kf3 e4+ 28. dxe4 Rc2 29. Rxb7 Raa2 30. Rc7 Rc3+ 31. Kg2 Rxc4 32. Rbb7 Kf6 33. Rxf7+ Ke5 34. Rfe7+ Kd4 35. Rbd7+ Kc3 36. Rd3+ Kc2 37. e5 Kb1 38. Rb7+ Kc1 39. Re3 Rcc2 40. Kf3 c4 41. e6 Ra8 42. e7 1-0

[Event "Warsaw Najdorf Memorial op-B 11th"]
[Site "Warsaw"]
[Date "2013.08.08"]
[Round "5"]
[White "Kacprzak, Karol"]
[Black "Maj, Pawel"]
[Result "1-0"]
[WhiteElo "1780"]
[BlackElo "1521"]
[PlyCount "57"]
[EventDate "2013.08.05"]
[EventType "swiss"]
[EventRounds "9"]
[EventCountry "POL"]
[SourceTitle "CBM 155 Extra"]
[Source "ChessBase"]
[SourceDate "2013.08.26"]
[SourceVersion "1"]
[SourceVersionDate "2013.08.26"]
[SourceQuality "1"]

1. c4 Nf6 2. Nc3 g6 3. Nf3 Bg7 4. g3 d5 5. cxd5 Nxd5 6. Bg2 Nxc3 7. bxc3 0-0 8. 0-0 c5 9. Rb1 Qc7 10. d4 Nc6 11. Bf4 Qd7 12. d5 Na5 13. d6 exd6 14. Bxd6 Re8 15. Bxc5 Qxd1 16. Rfxd1 Bf5 17. Rb5 b6 18. Bd4 Rac8 19. e3 Nc4 20. Bf1 a6 21. Rb4 b5 22. Bxc4 bxc4 23. Rd2 Bf8 24. Rb6 a5 25. Rdb2 a4 26. Ne5 a3 27. R2b5 f6 28. Rxf6 Bg7 29. Rfb6 1-0